• 首页
  • 本馆介绍
  • 公告通知
  • 最新文献
  • 馆藏检索
  • 电子资源
  • 读者导购
  • 参考咨询
  • 我的图书馆
  • 登录
  • 详细信息显示
  • 放入我的书架
  • 预约/预借图书
  • 作者相关作品
  • 分类相关作品
  • 丛书相关作品
  • 出版社相关作品

书目信息

  • 表格格式
  • 工作单格式
  • 卡片格式
题名:
草坪建植与管理
    
 
作者: 韩烈保
分册:  
出版信息: 北京   北京农业大学出版社  1991.11
页数: 141页
开本: 19cm
丛书名:
单 册:
中图分类: S688.4
科图分类:
主题词: 观赏园艺 , 花卉 , 园林树木
电子资源:
ISBN: 7-81066-003-9
000 00574nam0 2200217 45
001 0308271077
005 20030827105621.6
010    @a7-81066-003-9@dRMB3.00
100    @a20030827d1991 km y0chiy0120 ea
101    @achi
105    @a z 000yy
200 1  @a草坪建植与管理@Acao ping jian zhi yu guan li@f韩烈保@Fhan lie bao
210    @a北京@c北京农业大学出版社@d1991.11
215    @a141页@c无图表@d19cm
606 0  @a观赏园艺
606 0  @a花卉
606 0  @a园林树木
690    @aS688.4@v3
701  0 @a韩烈保
801    @aCN@b@c20030827
905    @aBZT@dS688.4@e133
    
    草坪建植与管理/韩烈保.-北京:北京农业大学出版社,1991.11
    141页:无图表;19cm
    
    
    ISBN 7-81066-003-9:RMB3.00
    
●
相关链接 在五车中查询图书 在当当中查询图书 在豆瓣中查询图书


正题名:草坪建植与管理     索取号:S688.4/133         预约/预借

序号 登录号 条形码 馆藏地/架位号 状态 备注
1 79952   200018729   中心书库中库/ 中库032架A面8列4层34/ [索取号:S688.4/133] 在馆    
2 79953   200025114   中心书库中库/ 中库032架A面8列4层32/ [索取号:S688.4/133] 在馆    
3 79954   200018747   中心书库中库/ 中库032架A面8列4层31/ [索取号:S688.4/133] 在馆    
4 79955   200025052   中心书库中库/ 中库032架A面8列4层35/ [索取号:S688.4/133] 在馆    
5 79956   200025089   中心书库中库/ 中库032架A面8列4层33/ [索取号:S688.4/133] 在馆    
6 79957   200025070   中心书库中库/ 中库032架A面8列4层36/ [索取号:S688.4/133] 在馆    
7 79958   200025098   中心书库北库/ 北库027架B面5列6层56/ [索取号:S688.4/133] 在馆    
8 79959   200025105   中心书库中库/ 中库032架A面8列4层30/ [索取号:S688.4/133] 在馆    
9 79960   200018738   中心书库中库/ 中库032架A面8列4层28/ [索取号:S688.4/133] 在馆    
10 79961   200018756   中心书库中库/ 中库032架A面8列4层29/ [索取号:S688.4/133] 在馆    
山东省滨州职业学院图书馆 欢迎您!
大连网信软件有限公司© 版权所有